MARC

LEADER 00000nam0a2200000 4500
001 377541
005 20240208154011.0
035 |a (RuTPU)RU\TPU\retro\34992 
035 |a RU\TPU\book\69764 
090 |a 377541 
100 |a 20230316d2002 m y0rusy50 ca 
101 0 |a rus 
102 |a RU 
105 |a a j 001zy 
200 1 |a Производственный менеджмент  |e учебное пособие  |f З. В. Криницына, А. С. Кудинова, Л. И. Тарновская, А. И. Ясельская  |g Томский политехнический университет 
210 |a Томск  |c Изд-во ТПУ  |d 2002 
215 |a 163 с.  |c ил. 
320 |a Библиогр.: с. 161-162. 
606 1 |a Производственный менеджмент  |2 stltpush  |3 (RuTPU)RU\TPU\subj\68602  |9 83809 
610 1 |a экономика 
610 1 |a управление 
610 1 |a менеджмент 
610 1 |a производственный менеджмент 
610 1 |a химические производства 
610 1 |a вспомогательные производства 
610 1 |a маркетинг 
610 1 |a планирование 
610 1 |a учебные пособия 
686 |a У9(2)29-2я73  |2 rubbk 
701 1 |a Криницына  |b З. В.  |c экономист  |c доцент Томского политехнического университета, кандидат технических наук  |f 1957-  |g Зоя Васильевна  |3 (RuTPU)RU\TPU\pers\28649  |9 13465 
701 1 |a Кудинова  |b А. С.  |g Анна Станиславовна 
701 1 |a Тарновская  |b Л. И.  |c специалист в области менеджмента  |c доцент Томского политехнического университета, кандидат технических наук  |f 1952-  |g Людмила Ивановна  |3 (RuTPU)RU\TPU\pers\26777 
701 1 |a Ясельская  |b А. И.  |g Антонина Исаевна 
712 0 2 |a Томский политехнический университет  |3 (RuTPU)RU\TPU\col\376 
801 1 |a RU  |b 63413507  |c 20040628  |g PSBO 
801 2 |a RU  |b 63413507  |c 20230316  |g PSBO 
942 |c BK